000 00455nam a2200181Ia 4500
005 20240413151135.0
008 131103s9999 xx 000 0 und d
040 _aLoreto College
041 _aEnglish
082 _a370.1
_bROS
100 _aRoss, James S.
245 _aGround Work of Educational Theory
_cJames S. Ross
260 _aLondon
_bGeprge g. harrap
_c[19?]
300 _a223p.
650 _aEducation
850 _aLCBED
942 _cBK
999 _c26470
_d76949